|
|
|
|
| LEADER |
00805nta a2200181 i 4500 |
| 001 |
dipl3064 |
| 005 |
20130314072156.0 |
| 008 |
110422s2007 hu om 0|| hun d |
| 040 |
|
|
|a SZTE Diploma Repozitórium
|b hun
|
| 041 |
|
|
|a hun
|
| 100 |
1 |
|
|a Király Csaba
|
| 245 |
1 |
0 |
|a Matematikai programozás az adatbányászatban
|h [elektronikus dokumentum] /
|c Csaba Király
|
| 260 |
|
|
|c 2007-06-07
|
| 650 |
|
4 |
|a Informatika
|
| 700 |
1 |
|
|a Szabó Péter Gábor
|e ths
|
| 856 |
4 |
0 |
|u http://diploma.bibl.u-szeged.hu/id/eprint/3064/1/Kir%C3%A1lyCsaba_szakdolgozat_2007.pdf
|z Dokumentum-elérés
|
| 856 |
4 |
0 |
|u http://diploma.bibl.u-szeged.hu/id/eprint/3064/2/2007_kiraly_csaba_07_62_melleklet.tgz
|z Dokumentum-elérés
|
| 856 |
4 |
0 |
|u http://diploma.bibl.u-szeged.hu/id/eprint/3064/3/2007_kiraly_csaba_07_62_biralat.pdf
|z Dokumentum-elérés
|